000 00714nam a22001817a 4500
999 _c62911
_d62911
003 Ge_BSU
005 20250319133420.0
008 250319s1973 ge ||||| |||| 00| 0 geo d
041 _ageo
080 _a617-089(075.32) კ-95
100 _aკუტუბიძე, ა.
_924613
245 _aქირურგია :
_bსახელმძღვ. საშ. სამედ. სასწავლებლებისათვის /
_cა. კუტუბიძე.
264 _aთბილისი :
_bგანათლება,
_c 1973.
300 _a413 გვ. :
_bილ. ;
_c22 სმ.
653 _aქირურგია
653 _aმედიცინა
942 _2udc
_cᲬᲘᲒᲜᲘ